Normal view MARC view
  • Subashini S. P

Entry Corporate Name

Number of records used in: 1

001 - CONTROL NUMBER

  • control field: 213004

003 - CONTROL NUMBER IDENTIFIER

  • control field: OSt

005 - DATE AND TIME OF LATEST TRANSACTION

  • control field: 20250910131206.0

008 - FIXED-LENGTH DATA ELEMENTS

  • fixed length control field: 250910|| aca||aabn | a|a d

040 ## - CATALOGING SOURCE

  • Original cataloging agency: OSt
  • Transcribing agency: OSt

110 ## - HEADING--CORPORATE NAME

  • Corporate name or jurisdiction name as entry element: Subashini S. P

670 ## - SOURCE DATA FOUND

  • Source citation: Work cat.: (OSt)367699: Clement I. 119826, Health/ Nursing Informatics and Technology for BSc Nursing Students , 2025